| 000 | 00391nam a22001217a 4500 | ||
|---|---|---|---|
| 082 | _a200 THE | ||
| 100 |
_aMuhammad Sajid _970122 |
||
| 245 | _aTH-SOF-1261-Head Counting Estimation in Dense Crowds for Visual Surveillance | ||
| 260 |
_aIslamabad _bNUST College of EME _c2016 |
||
| 650 |
_a MS-COMPUTER ENGINEERING MSTHESIS _969757 |
||
| 700 | _aSupervisor Dr. Shoab Ahmed Khan | ||
| 942 | _cCF | ||
| 999 |
_c577156 _d577156 |
||